<?xml version="1.0" encoding="UTF-8"?>
<collection xmlns="http://www.loc.gov/MARC21/slim">
 <record>
  <leader>01762nam a22002417a 4500</leader>
  <controlfield tag="001">NCT_88751</controlfield>
  <controlfield tag="008">210401b        xxu||||| |||| 00| 0 vie d</controlfield>
  <datafield tag="999" ind1=" " ind2=" ">
   <subfield code="c">4378</subfield>
   <subfield code="d">4378</subfield>
  </datafield>
  <datafield tag="020" ind1=" " ind2=" ">
   <subfield code="a">9786047223244</subfield>
   <subfield code="c">400000</subfield>
  </datafield>
  <datafield tag="082" ind1="0" ind2="4">
   <subfield code="2">23rd ed.</subfield>
   <subfield code="a">346.597</subfield>
   <subfield code="b">C550</subfield>
  </datafield>
  <datafield tag="100" ind1="1" ind2=" ">
   <subfield code="a">Nguyễn Văn Cừ</subfield>
   <subfield code="e">Chủ biên</subfield>
  </datafield>
  <datafield tag="245" ind1="1" ind2="0">
   <subfield code="a">Bình luận khoa học Bộ luật dân sự năm 2015 của nước Cộng hoà xã hội chủ nghĩa Việt Nam</subfield>
   <subfield code="c">Nguyễn Văn Cừ, Trần Thị Huệ (Chủ biên) ; Đinh Văn Thanh, Vương Thanh Thúy,...[et al.] (Biên soạn)</subfield>
  </datafield>
  <datafield tag="260" ind1=" " ind2=" ">
   <subfield code="a">H.</subfield>
   <subfield code="b">Công an nhân dân</subfield>
   <subfield code="c">2017</subfield>
  </datafield>
  <datafield tag="300" ind1=" " ind2=" ">
   <subfield code="a">1127 tr.</subfield>
   <subfield code="c">27cm</subfield>
  </datafield>
  <datafield tag="520" ind1="3" ind2=" ">
   <subfield code="a">Phân tích, giải thích, bình luận nội dung từng khoản của Bộ luật dân sự năm 2015. Đánh giá, nhận định tính phù hợp giữa lý luận và thực tiễn các quy định trong Bộ luật dân sự, chỉ ra những điểm bất cập giữa điều luật đó với điều luật liên quan trong Bộ luật dân sự hoặc với các quy định của luật chuyên ngành.</subfield>
  </datafield>
  <datafield tag="653" ind1=" " ind2=" ">
   <subfield code="a">Luật học</subfield>
  </datafield>
  <datafield tag="700" ind1="1" ind2=" ">
   <subfield code="a">Trần Thị Huệ </subfield>
   <subfield code="e">Chủ biên</subfield>
  </datafield>
  <datafield tag="700" ind1="1" ind2=" ">
   <subfield code="a">Đinh Văn Thanh</subfield>
   <subfield code="e">Biên soạn</subfield>
  </datafield>
  <datafield tag="700" ind1="1" ind2=" ">
   <subfield code="a">Vương Thanh Thúy</subfield>
   <subfield code="e">Biên soạn</subfield>
  </datafield>
  <datafield tag="942" ind1=" " ind2=" ">
   <subfield code="2">ddc</subfield>
   <subfield code="c">BK</subfield>
  </datafield>
  <datafield tag="952" ind1=" " ind2=" ">
   <subfield code="0">0</subfield>
   <subfield code="1">0</subfield>
   <subfield code="2">ddc</subfield>
   <subfield code="4">0</subfield>
   <subfield code="6">346_597000000000000_C550</subfield>
   <subfield code="7">0</subfield>
   <subfield code="9">21048</subfield>
   <subfield code="a">000001</subfield>
   <subfield code="b">000001</subfield>
   <subfield code="d">2021-04-01</subfield>
   <subfield code="o">346.597 C550</subfield>
   <subfield code="p">MD.18306</subfield>
   <subfield code="r">2021-04-01</subfield>
   <subfield code="v">400000.00</subfield>
   <subfield code="w">2021-04-01</subfield>
   <subfield code="y">BK</subfield>
  </datafield>
  <datafield tag="952" ind1=" " ind2=" ">
   <subfield code="0">0</subfield>
   <subfield code="1">0</subfield>
   <subfield code="2">ddc</subfield>
   <subfield code="4">0</subfield>
   <subfield code="6">346_597000000000000_C550</subfield>
   <subfield code="7">0</subfield>
   <subfield code="9">21049</subfield>
   <subfield code="a">000001</subfield>
   <subfield code="b">000001</subfield>
   <subfield code="d">2021-04-01</subfield>
   <subfield code="l">3</subfield>
   <subfield code="m">1</subfield>
   <subfield code="o">346.597 C550</subfield>
   <subfield code="p">MD.18307</subfield>
   <subfield code="r">2021-06-02</subfield>
   <subfield code="s">2021-05-10</subfield>
   <subfield code="v">400000.00</subfield>
   <subfield code="w">2021-04-01</subfield>
   <subfield code="y">BK</subfield>
  </datafield>
  <datafield tag="980" ind1=" " ind2=" ">
   <subfield code="a">Thư viện Trường Đại học Nam Cần Thơ</subfield>
  </datafield>
 </record>
</collection>
